Principles of Business Data Processing. (Record no. 45)

MARC details
005 - DATE AND TIME OF LATEST TRANSACTION
control field 20250609104810.0
020 ## - INTERNATIONAL STANDARD BOOK NUMBER
International Standard Book Number 0-574-19140-2
082 ## - DEWEY DECIMAL CLASSIFICATION NUMBER
Classification number 001.64 DOC
100 ## - MAIN ENTRY--PERSONAL NAME
Author name DOCK,T. V.
245 ## - TITLE STATEMENT
Title Principles of Business Data Processing.
250 ## - EDITION STATEMENT
Edition statement 2nd Ed.
260 ## - PUBLICATION, DISTRIBUTION, ETC.
Place of publication, distribution, etc. Chicago,
Name of publisher, distributor, etc. Science Research Associates,
Date of publication, distribution, etc. 1974.
300 ## - PHYSICAL DESCRIPTION
Extent xvii, 395p: ill.; figure, tables
Other physical details Glossary & Index
Dimensions 24cm.
700 ## - ADDED ENTRY--PERSONAL NAME
Other authors/Editors ESSICK, E.
942 ## - ADDED ENTRY ELEMENTS (KOHA)
Source of classification or shelving scheme Dewey Decimal Classification
Koha item type Books
Holdings
Date last seen Total checkouts Full call number Barcode Cost, replacement price Price effective from Koha item type Lost status Source of classification or shelving scheme Damaged status Not for loan Withdrawn status Home library Current library Shelving location Date acquired Cost, normal purchase price
03/06/2025   001.64 DOC 00000078 30000.00 03/06/2025 Books   Dewey Decimal Classification       College of Business Education Main Library College of Business Education Main Library General Collection 05/10/1978 10000.00
03/06/2025   001.64 DOC 00000079 30000.00 03/06/2025 Books   Dewey Decimal Classification       College of Business Education Main Library College of Business Education Main Library General Collection 05/10/1978 10000.00
03/06/2025   001.64 DOC 00000080 30000.00 03/06/2025 Books   Dewey Decimal Classification       College of Business Education Main Library College of Business Education Main Library General Collection 05/10/1978 10000.00
03/06/2025   001.64 DOC 00000081 30000.00 03/06/2025 Books   Dewey Decimal Classification       College of Business Education Main Library College of Business Education Main Library General Collection 05/10/1978 10000.00
03/06/2025   001.64 DOC 00000082 30000.00 03/06/2025 Books   Dewey Decimal Classification       College of Business Education Main Library College of Business Education Main Library General Collection 05/10/1978 10000.00
03/06/2025   001.64 DOC 00000083 30000.00 03/06/2025 Books   Dewey Decimal Classification       College of Business Education Main Library College of Business Education Main Library General Collection 05/10/1978 10000.00
03/06/2025   001.64 DOC 00000084 30000.00 03/06/2025 Books   Dewey Decimal Classification       College of Business Education Main Library College of Business Education Main Library General Collection 05/10/1978 10000.00